| 000 | 01084nam a22003015a 4500 | ||
|---|---|---|---|
| 003 | EG-ScBUE | ||
| 005 | 20220818113602.0 | ||
| 008 | 161114t2016 gw a f bd 000 0 eng d | ||
| 020 | _a9783659573194 | ||
| 040 |
_aEG-ScBUE _beng _erda _cEG-ScBUE _dEG-ScBUE |
||
| 082 | 0 | 4 |
_a704.9482 _bGUI _222 |
| 100 | 1 |
_aGuirguis, Marianne Nabil, _eauthor. |
|
| 245 | 1 | 0 |
_aCoptic orthodox art and architecture ; _bdevelopment and design of church : understanding development and interpretations of church design / _cMarianne Nabil Guirguis. |
| 264 | 1 |
_aSaarbrücken, Germany : _bLAP LAMBERT Academic Publishin, _c[2016] |
|
| 264 | 4 | _cc2016 | |
| 300 |
_axxi, 236 pages : _billustrations ; _c24 cm |
||
| 336 |
_2rdacontent _atext _btxt |
||
| 337 |
_2rdamedia _aunmediated _bn |
||
| 338 |
_2rdacarrier _avolume _bnc |
||
| 500 | _aIncludes glossary. | ||
| 504 | _aIncludes bibliographical references. | ||
| 650 | 7 |
_aChurch development. _2BUEsh |
|
| 650 | 7 |
_aCoptic architecture. _2BUEsh |
|
| 651 | _2BUEsh | ||
| 653 |
_bENGARC _cNovember2016 |
||
| 655 |
_vReading book _934232 |
||
| 942 |
_2ddc _cBB |
||
| 999 |
_c23125 _d23097 |
||